000 00601nam a2200217Ia 4500
005 20260429111926.0
008 260429s9999||||xx |||||||||||||| ||und||
020 _a9789392262760
041 _aEnglish
082 _a371.102
_bMAN
100 _aMangla, A.B.
245 0 _aClassroom management :
_bteacher learner interaction /
_cA.B. Mangla
250 _a2nd ed.
260 _aJaipur :
_bBook Enclave,
_c2023.
300 _avii, 196 p.; hb
650 _a Education
650 _a Teacher-student interaction
650 _a Teaching methods
650 _aClassroom management
942 _cTB
999 _c51459
_d51459